[Event "BCBS-StCCC po"]
[Site "?"]
[Date "2010.04.27"]
[Round "1.1"]
[White "Khan, M."]
[Black "Wiewel, Jeff"]
[Result "0-1"]
[WhiteElo "1859"]
[BlackElo "2143"]
[Annotator "Friske,Tom"]
[PlyCount "82"]

1. d4 Nf6 2. c4 g6 3. Nc3 Bg7 4. e4 O-O 5. Nf3 c6 6. Be2 d5 7. cxd5 cxd5 8. e5
Ne4 9. Bd3 Nxc3 10. bxc3 Nc6 11. O-O Bg4 12. h3 Bxf3 13. Qxf3 Rc8 14. Bd2 Na5
15. Qe2 Nc4 16. f4 Nxd2 17. Qxd2 Qa5 18. Rac1 f6 19. Rc2 fxe5 20. fxe5 Rc6 21.
Rxf8+ Bxf8 22. Qf4 Qd8 23. Rf2 Bg7 24. c4 dxc4 25. Bxc4+ Kh8 26. d5 Rxc4 27.
Qxc4 Bxe5 28. Rc2 Qb6+ 29. Kf1 Qb1+ 30. Ke2 Kg7 31. Qb3 Qg1 32. Kf3 Bd4 33. Re2
Qf1+ 34. Ke4 Qxe2+ 35. Kxd4 b6 36. Qa3 a5 37. Qg3 Qb2+ 38. Ke4 Qb4+ {
WHITE RESIGNED} 39. Kf3 (39. Ke5 $4 Qd6+ 40. Ke4 Qxg3) 39... Qc3+ 40. Kf2 Qxg3+
41. Kxg3 b5 $19 0-1

[Event "StCCC-BCBS po"]
[Site "?"]
[Date "2010.04.27"]
[Round "1.2"]
[White "Suits, John"]
[Black "Bruno, R."]
[Result "1-0"]
[WhiteElo "1864"]
[BlackElo "1621"]
[PlyCount "106"]

1. e4 c6 2. d4 d5 3. Nc3 dxe4 4. Nxe4 Bf5 5. Ng3 Bg6 6. Nf3 Nf6 7. h4 h6 8. h5
Bh7 9. Bd3 Bxd3 10. Qxd3 e6 11. O-O Bd6 12. Ne5 Bxe5 13. dxe5 Qxd3 14. cxd3 Nd5
15. Ne4 O-O 16. Nd6 b6 17. d4 Nd7 18. f4 c5 19. Rd1 cxd4 20. Rxd4 Rfd8 21. Bd2
f6 22. Re1 fxe5 23. fxe5 Nxe5 24. Nb7 Rd7 25. Rxe5 Rxb7 26. Rxe6 Kf7 27. Rd6
Nf6 28. g4 Re8 29. Bc3 Re6 30. Rd8 Re4 31. Rxe4 Nxe4 32. Rd3 Nxc3 33. Rxc3 Kf6
34. Kf2 Kg5 35. Kg3 g6 36. hxg6 Kxg6 37. Kh4 Rd7 38. Rc6+ Kg7 39. b3 Re7 40. b4
Rd7 41. a3 Re7 42. Rd6 Rc7 43. Kh5 Re7 44. Rg6+ Kh7 45. Rxh6+ Kg7 46. Rd6 Rc7
47. Kg5 Rf7 48. Rg6+ Kh7 49. Rf6 Rd7 50. Kf5 Kg7 51. Ke6 Rd4 52. Rf7+ Kg6 53.
Rxa7 Rxg4 1-0

[Event "BCBS-StCCC po"]
[Site "?"]
[Date "2010.04.27"]
[Round "1.3"]
[White "Guiu, Carl"]
[Black "Von Hatten, Jeremy"]
[Result "0-1"]
[WhiteElo "1579"]
[BlackElo "1783"]
[PlyCount "48"]

1. Nf3 Nf6 2. d4 g6 3. g3 Bg7 4. Bg2 c5 5. c3 cxd4 6. cxd4 O-O 7. O-O d6 8. Nc3
Nbd7 9. Bg5 h6 10. Bd2 e5 11. e4 Re8 12. Qc1 Kh7 13. Nb5 Nxe4 14. Nc7 exd4 15.
Nxa8 Ndc5 16. Ne1 Bd7 17. Bxe4 Rxe4 18. f3 Re2 19. Rf2 Rxf2 20. Kxf2 Qxa8 21.
b4 Na4 22. Qc7 Qe8 23. Rc1 Nc3 24. Qc4 Bb5 0-1

[Event "StCCC-BCBS po"]
[Site "?"]
[Date "2010.04.27"]
[Round "1.4"]
[White "Janssen, Gary"]
[Black "San Miguel, Gary"]
[Result "1/2-1/2"]
[WhiteElo "1551"]
[BlackElo "1553"]
[PlyCount "44"]

1. e4 c5 2. Nc3 e6 3. f4 a6 4. Nf3 Nc6 5. a3 d5 6. e5 Nge7 7. d4 Nf5 8. Ne2
cxd4 9. Nexd4 Nfxd4 10. Nxd4 Bc5 11. c3 Bxd4 12. cxd4 Qb6 13. Be3 Qxb2 14. Be2
Qc3+ 15. Kf2 O-O 16. Re1 f6 17. Bd3 fxe5 18. dxe5 d4 19. Bc1 Qxa1 20. Qh5 Rf7
21. Bxh7+ Kf8 22. Bg6 Nd8 1/2-1/2

[Event "BCBS-StCCC po"]
[Site "?"]
[Date "2010.04.27"]
[Round "1.5"]
[White "Mata, Santiago"]
[Black "Kolb, Scott"]
[Result "1-0"]
[WhiteElo "1241"]
[BlackElo "1614"]
[PlyCount "67"]

1. e4 c5 2. Nf3 d6 3. d4 cxd4 4. Nxd4 Nf6 5. Nc3 g6 6. Bb5+ Bd7 7. Bxd7+ Nbxd7
8. O-O Bg7 9. Be3 Ne5 10. Qc1 Nfg4 11. Bg5 h6 12. Bh4 O-O 13. h3 Nf6 14. Bxf6
exf6 15. f4 Qb6 16. Nce2 Nc6 17. c3 Rfe8 18. Kh1 Rxe4 19. f5 Rae8 20. Ng3 Re3
21. Rf3 R3e7 22. Nxc6 Re1+ 23. Qxe1 Rxe1+ 24. Rxe1 Qxc6 25. Rfe3 Bf8 26. Re8
Qb6 27. Rc8 d5 28. Ree8 Qd6 29. Rxf8+ Qxf8 30. Rxf8+ Kxf8 31. Kg1 Ke7 32. Ne2
gxf5 33. Nd4 f4 34. Kf2 1-0

[Event "DRW-Yorktown po"]
[Site "?"]
[Date "2010.04.28"]
[Round "1.1"]
[White "Hayhurst, Lyle"]
[Black "Tennant, Steve"]
[Result "0-1"]
[WhiteElo "1891"]
[BlackElo "2206"]
[PlyCount "86"]

1. e4 c5 2. Nf3 Nc6 3. d4 cxd4 4. Nxd4 g6 5. Nc3 Bg7 6. Be3 Nf6 7. Bc4 Qa5 8.
O-O O-O 9. Bb3 d6 10. h3 Bd7 11. f4 Qh5 12. Qe1 Nxe4 13. Nf3 Nxc3 14. bxc3 Qa5
15. Rd1 Qxc3 16. Qf2 Qa5 17. Rd5 Qc7 18. Qh4 e6 19. Rd2 Na5 20. Rfd1 Nxb3 21.
axb3 Bc6 22. Nd4 e5 23. Nxc6 Qxc6 24. Rxd6 Qxc2 25. fxe5 Rae8 26. Bxa7 Rxe5 27.
R6d2 Qxb3 28. Bd4 Re2 29. Bxg7 Qe3+ 30. Kh2 Rxd2 31. Re1 Rxg2+ 32. Kxg2 Qd2+
33. Kf1 Kxg7 34. Qe4 Rd8 35. Qe5+ Kg8 36. Re2 Qd5 37. Qe7 Qf3+ 38. Ke1 Qg3+ 39.
Rf2 Qg1+ 40. Ke2 Qd1+ 41. Ke3 Qd3+ 42. Kf4 Rd4+ 43. Ke5 Re4+ 0-1

[Event "Yorktown-DRW po"]
[Site "?"]
[Date "2010.04.28"]
[Round "1.2"]
[White "Freitag, Todd"]
[Black "Gorodetskiy, Steve"]
[Result "1/2-1/2"]
[WhiteElo "1989"]
[BlackElo "1771"]
[Annotator "Friske,Tom"]
[PlyCount "91"]

1. d4 c6 2. c4 d5 3. Nf3 Nf6 4. Nc3 Nbd7 5. e3 e6 6. Bd3 Bd6 7. O-O O-O 8. b3
e5 9. cxd5 cxd5 10. Nb5 Bb8 11. dxe5 Nxe5 12. Be2 a6 13. Nbd4 Qd6 14. Nxe5 Qxe5
15. g3 Ne4 16. Bb2 Bh3 17. Re1 Re8 18. Bg4 Bxg4 19. Qxg4 h5 20. Qe2 Qg5 21.
Rad1 Rd8 22. Qf3 Be5 23. h4 Qf6 24. Qxf6 Bxf6 25. Kg2 Rac8 26. Rc1 Nc5 27. Red1
Ne4 28. f3 Nd6 29. Kf2 Nb5 30. a4 Nxd4 31. Bxd4 Bxd4 32. exd4 f6 33. Ke3 Kf7
34. a5 Ke6 35. Kd3 Kd6 36. g4 hxg4 37. fxg4 Re8 38. Rxc8 Rxc8 39. Re1 Rh8 40.
h5 f5 41. Rg1 (41. gxf5 Rxh5 42. Re5 Rh3+ 43. Kc2 Rh4 44. Re6+ Kd7 45. Kc3 Rf4
46. Re5 Kd6) 41... fxg4 42. Rxg4 Rxh5 43. Rg6+ Kc7 44. Rxg7+ Kc6 45. Kc3 Rh6
46. Kb4 1/2-1/2

[Event "DRW-Yorktown po"]
[Site "?"]
[Date "2010.04.28"]
[Round "1.3"]
[White "Gorodetskiy, Eugene"]
[Black "Weber, Len"]
[Result "0-1"]
[WhiteElo "1849"]
[BlackElo "2075"]
[PlyCount "94"]

1. e4 Nf6 2. Nc3 d5 3. exd5 Nxd5 4. Nxd5 Qxd5 5. d4 Bf5 6. Nf3 e6 7. c3 Be7 8.
Be2 O-O 9. O-O Bg4 10. h3 Bh5 11. Ne5 Bxe2 12. Qxe2 Nd7 13. Rd1 Nf6 14. Qd3
Rfd8 15. Bg5 c5 16. Be3 cxd4 17. Bxd4 Qe4 18. f3 Qxd3 19. Rxd3 Nd5 20. Rad1 f6
21. Nc4 Nf4 22. R3d2 b6 23. Bf2 Kf8 24. Rxd8+ Rxd8 25. Rxd8+ Bxd8 26. Nd6 Nd3
27. Nc8 Nxb2 28. Nxa7 Ke8 29. Nc6 Bc7 30. Kf1 Na4 31. Nd4 Kd7 32. Nb5 Be5 33.
c4 Kc6 34. Bd4 Bxd4 35. Nxd4+ Kd6 36. Nb3 Nb2 37. Nd2 f5 38. Ke2 Kc5 39. f4
Nxc4 40. Nf3 Kd5 41. Kd3 h6 42. g4 fxg4 43. hxg4 e5 44. fxe5 Nxe5+ 45. Nxe5
Kxe5 46. Ke3 g6 47. Kf3 h5 0-1

[Event "Yorktown-DRW po"]
[Site "?"]
[Date "2010.04.28"]
[Round "1.4"]
[White "Ellice, Wayne"]
[Black "Beder, Ben"]
[Result "0-1"]
[WhiteElo "1733"]
[BlackElo "1619"]
[Annotator "Friske,Tom"]
[PlyCount "106"]

1. d4 d5 2. Nf3 Nf6 3. e3 e6 4. Bd3 Nbd7 5. Nbd2 Bd6 6. O-O O-O 7. c3 Re8 8. e4
dxe4 9. Nxe4 Nxe4 10. Bxe4 Nf6 11. Bd3 a6 12. Bg5 Be7 13. Qc2 h6 14. Bh4 Nd7
15. Bxe7 Qxe7 16. Ne5 Nxe5 17. dxe5 Qc5 18. Rfe1 Bd7 19. b4 Qb6 20. a4 c5 21.
a5 Qc7 22. Qe2 cxb4 23. cxb4 Bc6 24. Rac1 Qe7 25. Rc5 Red8 26. Rec1 Rd4 27.
R1c4 Rad8 28. Rxd4 Rxd4 29. Bc4 (29. Bxa6 bxa6 30. Rxc6 Rxb4 31. Rc8+ Kh7 32.
Qc2+ (32. Qxa6 $4 Rb1+) 32... g6 33. g3 {idea Rc7}) 29... Qg5 30. Rxc6 (30. f3
Qc1+ 31. Kf2 Rd2) (30. g3 Qc1+ 31. Qf1 Rd1) 30... Qc1+ 31. Qf1 Qxf1+ (31... Rd1
$4 32. Rc8+ Kh7 33. Bd3+ g6 34. Rxc1 Rxf1+ 35. Kxf1) 32. Kxf1 bxc6 33. Bxa6
Rxb4 34. Bc8 Ra4 35. a6 c5 36. Ke2 Kf8 37. Ke3 Ra3+ 38. Kd2 Ke7 39. h4 Kd8 40.
Bb7 Kc7 41. g3 Kb6 42. f3 c4 (42... Rxa6) 43. g4 Kc5 44. Kc2 Kd4 45. Kb2 Ra5
46. Kc2 c3 47. f4 Ra3 48. h5 Ke3 49. f5 Kf4 50. Bc8 exf5 51. e6 fxe6 52. gxf5
exf5 53. Be6 Rxa6 0-1

[Event "DRW-Yorktown po"]
[Site "?"]
[Date "2010.04.28"]
[Round "1.5"]
[White "Gugenheim, Oliver"]
[Black "Franek, Marty"]
[Result "1-0"]
[WhiteElo "1532"]
[BlackElo "1720"]
[Annotator "Friske,Tom"]
[PlyCount "103"]

1. e4 c5 2. Nf3 Nc6 3. d4 cxd4 4. Nxd4 Nf6 5. Nc3 d6 6. Bc4 e6 7. Bb3 Nxd4 8.
Qxd4 Be7 9. O-O a6 10. a4 O-O 11. Be3 Ng4 12. Rfd1 Nxe3 13. Qxe3 Qc7 14. Rd3
Bd7 15. Rad1 Rad8 16. Qf4 e5 17. Qd2 Be6 18. Bd5 Qc8 19. Qe3 Rd7 20. Kh1 Rfd8
21. Qd2 Qc7 22. Rg3 Kh8 23. Qe2 Bf6 24. Qh5 g6 25. Qe2 Re8 26. h3 Bg7 27. Rf3
Qd8 28. Qc4 Qh4 29. Kg1 Qe7 30. Qb4 Rc8 31. Qb6 Qd8 32. Qe3 Qe7 33. Qd3 Qd8 34.
Ne2 Bxd5 35. exd5 Qc7 36. c3 f5 37. Qb1 Qc4 38. Ng3 e4 39. Re3 Bh6 40. Ree1 Re8
41. Rd4 Qc5 42. b4 Qxc3 43. Rdd1 Rc8 44. Ne2 Qc2 45. Qa1+ Kg8 (45... Bg7 46.
Nd4 (46. Rc1 $2 Bxa1) 46... Qc3) 46. Rc1 Bxc1 47. Rxc1 Qxe2 (47... Qxc1+ $143
48. Nxc1 Rdc7 49. Ne2) 48. Rxc8+ Kf7 49. Qh8 g5 50. Qg8+ Kf6 51. Qe6+ Kg7 52.
Rg8# 1-0

[Event "Yorktown-DRW po"]
[Site "?"]
[Date "2010.04.28"]
[Round "1.6"]
[White "Connely, Patrice"]
[Black "Redmond, Mark"]
[Result "1-0"]
[WhiteElo "1519"]
[BlackElo "1590"]
[Annotator "Friske,Tom"]
[PlyCount "51"]

1. e4 c5 2. Nf3 d6 3. Bc4 h6 4. O-O Nc6 5. c3 Bg4 6. Qb3 Qd7 7. Bxf7+ Kd8 8.
Bxg8 Bxf3 9. Be6 c4 10. Bxd7 cxb3 11. Bxc6 bxa2 12. Rxa2 Be2 13. Bxb7 Rb8 14.
Bd5 Bd3 15. Na3 Bxf1 16. Kxf1 Kc7 17. Nc4 h5 18. Rxa7+ Kd8 19. Na5 Ke8 20. b4
Rb6 21. b5 (21. Be6 {idea Ra8#} Rb8 (21... Kd8 22. Ra8+ Kc7 23. Rc8#) 22. Nc6 {
traps the Rook}) 21... g5 22. Be6 Rb8 23. b6 (23. Nc6) 23... Rh6 24. b7 Rxe6
25. Ra8 Rxa8 26. bxa8=Q+ 1-0

[Event "Knights-Tyros po"]
[Site "?"]
[Date "2010.04.29"]
[Round "1.1"]
[White "Fridman, Yuri"]
[Black "Allsbrook, Scott"]
[Result "1/2-1/2"]
[WhiteElo "2223"]
[BlackElo "2135"]
[PlyCount "33"]

1. e4 e6 2. d4 d5 3. Nd2 c5 4. exd5 Qxd5 5. dxc5 Nf6 6. Ngf3 Bxc5 7. Bd3 b6 8.
Qe2 Bb7 9. Nb3 Be7 10. Bf4 Nbd7 11. O-O-O Qh5 12. Bb5 Qf5 13. Be5 Rd8 14. Nbd4
Qe4 15. Rhe1 Qxe2 16. Rxe2 O-O 17. Nc6 1/2-1/2

[Event "Tyros-Knights po"]
[Site "?"]
[Date "2010.04.29"]
[Round "1.2"]
[White "Diaz, Pablo"]
[Black "Morris, Rob"]
[Result "1/2-1/2"]
[WhiteElo "2067"]
[BlackElo "2211"]
[PlyCount "115"]

1. d4 d5 2. Nf3 Nf6 3. c3 e6 4. Bg5 Be7 5. Nbd2 Nbd7 6. e3 O-O 7. Bd3 h6 8. Bh4
c5 9. O-O b6 10. Rc1 Bb7 11. a3 Re8 12. Bb5 a6 13. Ba4 b5 14. Bc2 a5 15. Qe2
Qb6 16. Ra1 b4 17. Rfb1 Qc7 18. Ba4 Bc6 19. Bxc6 Qxc6 20. dxc5 bxc3 21. bxc3
Nxc5 22. c4 Qa6 23. Kf1 Nce4 24. Rc1 Nxd2+ 25. Nxd2 Rab8 26. Ra2 dxc4 27. Qxc4
Qxc4+ 28. Rxc4 Rec8 29. Ke2 Nd5 30. Bxe7 Rxc4 31. Nxc4 Nc3+ 32. Kf3 Nxa2 33.
Nxa5 Nc3 34. Nc6 Ra8 35. Nd4 e5 36. Nc2 f5 37. Bd6 Nb5 38. Bb4 Kf7 39. g4 g6
40. h3 Ke6 41. h4 h5 42. gxh5 gxh5 43. Ke2 Kd5 44. Kd3 e4+ 45. Ke2 Kc4 46. f3
Rg8 47. Kf2 exf3 48. Kxf3 Rg4 49. a4 Nc7 50. Be1 Ne6 51. Nb4 Kb3 52. Nc6 Kxa4
53. Ne7 f4 54. Nd5 fxe3 55. Kxe3 Nd4 56. Nf6 Nc2+ 57. Ke2 Rg2+ 58. Bf2 1/2-1/2

[Event "Knights-Tyros po"]
[Site "?"]
[Date "2010.04.29"]
[Round "1.3"]
[White "Thomson, Jim"]
[Black "Guio, Julian"]
[Result "1-0"]
[WhiteElo "1981"]
[BlackElo "1860"]
[Annotator "Friske,Tom"]
[PlyCount "89"]

1. e4 c5 2. c3 d5 3. exd5 Qxd5 4. d4 Nf6 5. Nf3 Bg4 6. Be2 e6 7. O-O Nc6 8. Be3
Rd8 9. dxc5 Bxc5 10. Qxd5 Rxd5 11. Bxc5 Rxc5 12. Rd1 Ke7 13. Na3 Rd8 14. Rxd8
Kxd8 15. Rd1+ Rd5 16. Nc4 Rxd1+ 17. Bxd1 e5 18. h3 Bxf3 19. Bxf3 e4 20. Bd1 Ke7
21. Bc2 Ke6 22. Kf1 b5 23. Ne3 Ke5 24. Ke2 h5 25. Bb3 Nd8 26. Nc2 Ne6 27. Bxe6
fxe6 28. Nb4 Kd6 29. Ke3 e5 30. Nc2 Kc5 31. Kd2 (31. Na3 Kd5 32. Nb1 Nd7 (32...
Kc5 33. Nd2 Kd5 34. b3 a5 35. a4 bxa4 36. bxa4 g6 37. Nb3) 33. Nd2 Nc5 34. b3 (
34. b4 Na4 35. Nxe4 Kc4 36. Kd2 {idea Nd6+} Kd5 37. Kd3 (37. Ng3 g6 38. Ne2 (
38. Ke3 Nxc3) 38... Kc4 39. f4 e4 40. g4) 37... Nb2+) 34... Nd3 35. Nxe4 Nc1)
31... Nd5 32. g3 g6 33. b4+ Kc6 34. Na1 Nb6 35. Nb3 Nc4+ 36. Ke2 Kd5 37. h4 Nb6
38. Nc5 Nc4 39. a4 bxa4 40. Nxa4 Nd6 41. Nb2 a6 42. Ke3 Kc6 43. c4 Nf5+ 44.
Kxe4 Kd6 45. Nd3 {Black flagged} 1-0

[Event "Tyros-Knights po"]
[Site "?"]
[Date "2010.04.29"]
[Round "1.4"]
[White "Stoltz, Bob"]
[Black "Balicki, Jeff"]
[Result "1/2-1/2"]
[WhiteElo "1824"]
[BlackElo "1810"]
[Annotator "Friske,Tom"]
[PlyCount "142"]

1. d4 f5 2. c4 Nf6 3. g3 e6 4. Nc3 Be7 5. Bg2 O-O 6. Nf3 d5 7. cxd5 exd5 8. O-O
c6 9. Bg5 Be6 10. Ne5 Nbd7 11. f4 Bf7 12. e3 Bh5 13. Bf3 Bxf3 14. Qxf3 Nb6 15.
g4 Nxg4 16. Bxe7 Nxe5 17. Bxd8 Nxf3+ 18. Rxf3 Raxd8 19. b3 Rd6 20. Ne2 Re8 21.
Nc1 Nd7 ({pretty much the same is the direct} 21... Rde6 22. Kf2 Nd7 23. Nd3
Nf6 24. Ne5) 22. Nd3 g6 23. Kf2 Rde6 24. Rg1 Kg7 25. h4 Nf6 26. Ne5 R8e7 27.
Ke1 Nh5 28. Rg5 Rc7 29. Rf2 Kf8 30. Rc2 Ke7 31. Rgg2 Kd6 32. Rc3 (32. b4 {
idea Rc5,Rgc2}) 32... Nf6 (32... a5) 33. b4 Ne4 34. Rc1 Nf6 35. Rgc2 Rg7 36. a4
Nd7 37. b5 Nxe5 38. dxe5+ Kd7 39. a5 Rg8 40. Kd2 Rc8 41. Kd3 b6 42. axb6 axb6
43. Kd4 c5+ 44. Kxd5 Ra8 45. Kc4 Kc7 46. Rb1 Re7 47. Rd2 Ra4+ 48. Kc3 Rd7 49.
Rxd7+ Kxd7 50. Rd1+ Kc7 51. Rd6 Rb4 52. Rc6+ Kb7 53. Rf6 Rxb5 54. Rf7+ Kc6 55.
Rxh7 Rb4 56. Rh6 Re4 57. Rxg6+ Kb5 58. h5 {What's the hurry?} (58. Kd2 Ra4 (
58... c4 {What is the Rook to do at e4 ??} 59. h5 Kb4 $2 60. Rxb6+ (60. h6 c3+
61. Ke2 Rc4 (61... c2 62. Rc6 Rc4 63. Rxc4+ Kxc4 64. h7 c1=Q 65. h8=Q) 62. h7
c2 (62... Rc8 63. Rg8) 63. h8=Q c1=Q 64. Rxb6+ (64. Qf8+ Kc3 65. Rxb6 Qd2+ 66.
Kf3 Qd1+ 67. Kf2 (67. Kg3 Qg4+ 68. Kf2 Qh4+ 69. Ke2 Qg4+) 67... Qd2+) 64... Ka5
) 60... Kc5 61. Rb8) 59. h5 Ra2+ 60. Kc3 Rh2 61. Rg5 {is similar to game
except the e3-Pawn has survived, and the White King is not cutoff along the
third rank.} Rh3 62. Rxf5 ({Holding e3 now probably allows Black an extra
tempo, but the win for White is still the same.} 62. Kd2 Rh2+ 63. Kd3 c4+ 64.
Kc3 Rh3 65. Rxf5 Rxe3+ 66. Kd2 Rh3 67. e6+ Kc6 68. Re5 $18) 62... Rxe3+ 63. Kd2
Rh3 64. e6 Kc6 65. Re5) ({Trying to get a jump on his three passers, would be
another way with similar themes.  Black's King is misplaced at b5.} 58. Rf6
Rxe3+ 59. Kd2 Re4 (59... Rh3 60. e6 Kc6 (60... Rxh4 $4 61. e7 Rh8 62. Rf8) 61.
Rxf5 Rxh4 62. Re5 Rh8 63. e7 Re8 64. f5 Kd6 65. f6 $1 Kxe5 66. f7) 60. Rxf5)
58... Rxe3+ 59. Kd2 Rh3 60. h6 $2 {Pretty sure Black proves this an easy draw.}
(60. Rg5 {idea Rxf5 and something will queen.} Kc6 (60... c4 61. Rxf5 c3+ 62.
Kc2 Kc4 $4 {now Black's King is cutoff !} (62... Re3 63. h6 Rh3 (63... Kc4 64.
Rh5) 64. e6+ Kc6 65. Rf6 $1 Kd6 66. f5 b5 67. Rf7 Rxh6 68. Rd7+ (68. Kxc3 Rh4
69. Rd7+ {and again the King is cutoff} Kc6 70. f6 Rf4 71. f7 Rf6 72. Rd4)
68... Kc6 69. Kxc3) 63. e6 b5 64. e7 Re3 65. Re5 Rxe5 66. fxe5 b4 67. e8=Q b3+
68. Kc1) 61. Rxf5 b5 62. Rf6+ (62. e6 $2 Kd6 63. Re5 Ke7 64. Rxc5 Kxe6 65. h6
$1 (65. Rxb5 Rf3) 65... Kf6 (65... Rxh6 $4 66. Rc6+) 66. Rxb5 Rxh6 $11) 62...
Kd7 (62... Kd5 $4 63. Rd6+ Ke4 64. e6 Rxh5 (64... Kxf4 65. e7 Re3 66. Rf6+) 65.
e7 Rh8 66. Re6+ Kd5 67. e8=Q) 63. h6 {idea f5-e6,etc}) 60... c4 61. e6 Kc6 62.
e7+ Kd7 63. Rxb6 (63. Re6 Ke8) 63... Kxe7 64. Rc6 (64. h7 Kf7) 64... Kf7 65. h7
Kg7 66. Rxc4 Kxh7 67. Rc3 Rh4 (67... Rxc3 68. Kxc3 Kh6 69. Kd3 (69. Kd4 Kh5 70.
Kd3 (70. Ke5 $4 Kg4 71. Kd4 Kxf4 72. Kd3 Kf3 $19) 70... Kh4 71. Ke2 Kg3 72. Ke3
Kg4 73. Ke2 Kxf4 74. Kf2 $11) 69... Kh5 70. Ke2 Kg4 71. Ke3 Kg3 72. Ke2 Kxf4
73. Kf2 $11) 68. Rf3 (68. Ke3 Rh3+ 69. Kd4 Rxc3 70. Kxc3 Kh6 71. Kd4 Kh5 72.
Ke5 Kg6 73. Ke6 Kg7 74. Kxf5 Kf7 $11) 68... Kg6 69. Ke3 Kh5 70. Rg3 Rg4 71.
Rh3+ Rh4 1/2-1/2

[Event "Knights-Tyros po"]
[Site "?"]
[Date "2010.04.29"]
[Round "1.5"]
[White "Cherkassky, Georgiy"]
[Black "Dobrovolny, Chuck"]
[Result "1/2-1/2"]
[WhiteElo "1734"]
[BlackElo "1718"]
[Annotator "Friske,Tom"]
[PlyCount "62"]

1. d4 Nf6 2. c4 g6 3. Nc3 d5 4. cxd5 Nxd5 5. e4 Nxc3 6. bxc3 Bg7 7. Nf3 O-O 8.
Be3 c5 9. Qc2 Qa5 10. Be2 Nc6 11. O-O Bg4 12. e5 Rac8 13. Qb3 cxd4 14. cxd4 Qb4
15. Rfc1 a6 16. Rab1 Qxb3 17. Rxb3 Na5 18. Rbc3 b5 19. h3 Be6 20. Ra3 (20. d5
$2 Rxc3 (20... Bxd5 $2 21. Rxc8) 21. Rxc3 Bxd5) 20... Rxc1+ 21. Bxc1 Rc8 22.
Be3 Nc6 23. Rxa6 Nb4 24. Rb6 Nd5 25. Rxb5 Nxe3 26. fxe3 Bh6 27. Kf2 Bxa2 28. g4
Rc2 29. Ng1 Bg5 30. e6 Bh4+ 31. Kf3 Bxe6 1/2-1/2

[Event "Tyros-Knights po"]
[Site "?"]
[Date "2010.04.29"]
[Round "1.6"]
[White "Hahne, Dave"]
[Black "Karandikar, Shekhar"]
[Result "1-0"]
[WhiteElo "1620"]
[BlackElo "1709"]
[Annotator "Friske,Tom"]
[PlyCount "77"]

1. d4 d5 2. c4 Nf6 3. cxd5 Nxd5 4. e4 Nf6 5. Nc3 e6 6. Nf3 Bb4 7. Bd3 Nc6 8.
Be3 Ng4 9. Bg5 Be7 10. Bxe7 Nxe7 11. O-O Ng6 12. Rc1 c6 13. d5 Nf4 14. Bc2 Qb6
15. Bb3 O-O 16. d6 Bd7 17. Qd2 (17. e5 Ng6 18. Re1 Qa5 19. Qd4) 17... e5 18. h3
Nxf2 19. Rxf2 Bxh3 20. Nxe5 Nxg2 21. Kh2 Rae8 22. Nxf7 Be6 23. Bxe6 Rxe6 24. d7
Ne3 25. Kh1 Qc5 26. Nd5 Nc4 27. Qe2 cxd5 28. b3 Rxe4 29. Nh6+ Kh8 30. Nf7+ Kg8
31. Qc2 Rh4+ 32. Kg1 Rg4+ 33. Kh1 Rh4+ (33... Qe7) 34. Rh2 Rxh2+ 35. Qxh2 Qe3
36. Rf1 Nd2 37. Nh6+ gxh6 38. Rxf8+ Kxf8 39. d8=Q+ 1-0

[Event "DGCC-UOP po"]
[Site "?"]
[Date "2010.05.05"]
[Round "1.1"]
[White "Klug"]
[Black "Leong, Gee"]
[Result "1/2-1/2"]
[WhiteElo "2174"]
[BlackElo "1954"]
[Annotator "Friske,Tom"]
[PlyCount "73"]

1. d4 Nf6 2. c4 g6 3. d5 c6 4. Nc3 cxd5 5. cxd5 d6 6. e4 Bg7 7. Be3 O-O 8. Be2
b6 9. Nf3 Na6 10. Nd4 Bb7 11. f3 Nc7 12. O-O e6 13. dxe6 fxe6 14. Ndb5 Nxb5 15.
Bxb5 Qe7 16. Qb3 Kh8 17. Bg5 h6 18. Be3 d5 19. e5 Nh5 20. g4 Nf4 21. Bxf4 Rxf4
22. Ne2 Rb4 23. Qe3 (23. Qd3 Rxb2 (23... Bxe5)) 23... Rxb5 24. Rac1 Rc5 25. Nf4
Qf7 26. Nd3 Rxc1 27. Rxc1 Rc8 28. Rxc8+ Bxc8 29. Kg2 g5 30. h4 Ba6 31. Nb4 Bb7
32. hxg5 hxg5 33. Qxg5 d4 34. Qd8+ Kh7 35. Qh4+ Bh6 36. Qf2 Qf4 37. Qc2+ {
and Black picked up White's Pf3 to make Qxf3+, suddenly realizing he was in
check.  Now the Pawn capture is illegal and so is ignored, but White claimed
that Black had also touched his Queen...which would then be forced to move. 
There were no witnesses, so, after some heavy discussion the players AGREED
DRAWN.} 1/2-1/2

[Event "UOP-DGCC po"]
[Site "?"]
[Date "2010.05.05"]
[Round "1.2"]
[White "Siwek, Mark"]
[Black "Egerton, Jim"]
[Result "0-1"]
[WhiteElo "1934"]
[BlackElo "2013"]
[Annotator "Friske,Tom"]
[PlyCount "87"]

1. e4 c5 2. Nf3 d6 3. d4 cxd4 4. Qxd4 Nc6 5. Bb5 Bd7 6. Bxc6 Bxc6 7. Nc3 Nf6 8.
Bg5 e6 9. O-O-O Be7 10. Rhe1 O-O 11. Kb1 Qa5 12. Qd2 Qb6 13. Nd4 Rac8 14. f4 h6
15. Bxf6 Bxf6 16. g4 Rfd8 17. e5 dxe5 18. fxe5 Bh4 19. Rf1 Bg5 20. Qf2 Be8 21.
Nb3 Rxd1+ 22. Nxd1 Qc7 23. Qe2 Bb5 24. Rxf7 Bxe2 25. Rxc7 Rxc7 26. Nc3 Bxg4 27.
Nb5 Rf7 28. a3 Rf1+ 29. Ka2 a6 30. Nd6 Bf3 31. Nd4 Bd5+ 32. c4 Bc6 33. Nxe6 Rf2
34. Nd4 Rxh2 35. e6 Bf6 36. N6f5 (36. N4f5 Rxb2+) 36... Bxd4 37. Nxd4 Rh4 38.
Nf5 Re4 39. e7 Re1 40. b4 Kf7 41. b5 axb5 42. cxb5 Bxb5 43. Nd6+ Kxe7 44. Nxb5
0-1